Analýza olova v potravinách
Salvato in:
| Autore principale: | |
|---|---|
| Altri autori: | |
| Natura: | Manoscritto Libro |
| Lingua: | slovacco |
| Pubblicazione: |
2025
|
| Soggetti: | |
| Accesso online: | http://is.stuba.sk/zp/portal_zp.pl?podrobnosti=189573 |
| Tags: |
Nessun Tag, puoi essere il primo ad aggiungerne!!
|
MARC
| LEADER | 00000ntm a22000003a 4500 | ||
|---|---|---|---|
| 001 | stuzp105395 | ||
| 003 | SK-STU | ||
| 005 | 20250628212718.0 | ||
| 007 | ta | ||
| 008 | 150427s2015----xo-----f-mn---000-0-slo-d | ||
| 040 | |a STU |b slo | ||
| 041 | 0 | |a slo | |
| 100 | 1 | |a Li, Mingwei |u 041000 |4 aut |U FCHPT Fakulta chemickej a potravinárskej technológie |T FCHPT Ústav analytickej chémie |X 104685 |U C1000 |Y 99 |7 104685 | |
| 242 | 0 | 1 | |a Analysis of lead in food |y eng |
| 245 | 1 | 0 | |a Analýza olova v potravinách |
| 260 | |c 2025 | ||
| 650 | 4 | |a AAS |2 slo | |
| 650 | 4 | |a elektrotermická atomizácia |2 slo | |
| 650 | 4 | |a olovo |2 slo | |
| 650 | 4 | |a mikrovlnný rozklad |2 slo | |
| 650 | 4 | |a potraviny |2 slo | |
| 650 | 4 | |a electrothermal atomization |2 eng | |
| 650 | 4 | |a lead |2 eng | |
| 650 | 4 | |a microwave digestion |2 eng | |
| 650 | 4 | |a AAS |2 eng | |
| 650 | 4 | |a food |2 eng | |
| 700 | 1 | |a Manová, Alena |u 041180 |k Z1 |4 ths |U FCHPT Ústav analytickej chémie |T FCHPT Oddelenie analytickej chémie |X 3366 |U C1180 |Y 108 |7 A000003366 | |
| 856 | 4 | |u http://is.stuba.sk/zp/portal_zp.pl?podrobnosti=189573 | |